000 00243nam a2200097Ia 4500
001 964746
005 20250826220232.0
008 250824s9999 xx 000 0 und d
245 0 _aKİOK HAN
_cAHMET HALDUN TERZİOĞLU
260 _bPANAMA YAYINLARI
999 _c964746
_d964746